Statistics for British meals #1

Click here to take the quiz!

General Stats

  • This quiz has been taken 255 times
  • The average score is 6 of 9

Answer Stats

Answer% Correct
Tea
99%
Fish and chips
92%
Scones
85%
Roast
84%
Porridge
72%
Mince Pies
63%
English Breakfast
62%
99 Flake
23%
Bread Pudding
5%

Score Distribution

Percentile by Number Answered

Percent of People with Each Score

Your Score History

You have not taken this quiz